Supplement (Record no. 76093)
[ view plain ]
| 000 -LEADER | |
|---|---|
| fixed length control field | 00766cab a2200217 4500 |
| 001 - CONTROL NUMBER | |
| control field | ##L131460 |
| 008 - FIXED-LENGTH DATA ELEMENTS--GENERAL INFORMATION | |
| fixed length control field | 051104n2005 000 0 eng u |
| 035 ## - SYSTEM CONTROL NUMBER | |
| System control number | (Sirsi) u131460 |
| 041 0# - LANGUAGE CODE | |
| Language code of text/sound track or separate title | eng |
| 100 1# - MAIN ENTRY--PERSONAL NAME | |
| Personal name | Willis, Ben |
| 245 00 - TITLE STATEMENT | |
| Title | Supplement |
| Remainder of title | the Northern Way 2005 |
| 260 3# - PUBLICATION, DISTRIBUTION, ETC. | |
| Date of publication, distribution, etc. | 2005 |
| 490 #0 - SERIES STATEMENT | |
| Series statement | Regeneration and Renewal |
| Volume/sequential designation | 28 October 2005, 3-23(18) |
| 520 ## - SUMMARY, ETC. | |
| Summary, etc. | Explains and appraises the Northern Way, the government development strategy for the north of England: the Northern Way concept; the city regions; transport, rural development; housing, skills and governance. |
| 590 ## - LOCAL NOTE (RLIN) | |
| Local note | IKA081105 |
| 690 ## - LOCAL SUBJECT ADDED ENTRY--TOPICAL TERM (OCLC, RLIN) | |
| Topical term or geographic name as entry element | PROPERTY-PROPERTY MANAGEMENT-REGENERATION |
| 700 1# - ADDED ENTRY--PERSONAL NAME | |
| Personal name | Coxon, Alexandra |
| 700 1# - ADDED ENTRY--PERSONAL NAME | |
| Personal name | Coleman, Paul |
| 700 1# - ADDED ENTRY--PERSONAL NAME | |
| Personal name | Rowe, Mark |
| 942 ## - ADDED ENTRY ELEMENTS (KOHA) | |
| Suppress in OPAC | 0 |
| Withdrawn status | Lost status | Source of classification or shelving scheme | Damaged status | Not for loan | Home library | Current library | Shelving location | Date acquired | Total Checkouts | Full call number | Barcode | Date last seen | Copy number | Price effective from | Koha item type |
|---|---|---|---|---|---|---|---|---|---|---|---|---|---|---|---|
| Dewey Decimal Classification | London | London | Journal article | 04/11/2005 | L131460 | 30067609 | 06/08/2019 | 1 | 06/08/2019 | Journal article |